1218 1341 1769 1638 1904 1773 1038 1742 1512 1220 1508 1241 1901 1752 1693 1365 1458 1013 1090 1431 1730 1057 1575 1141 1653 1871 1788 1272 1789 1719 1762 1392 1790 1447 1057 1875 1082 1555 1731 1744 1058 1545 1728 1536 1841 1998 1338 1823 1796 1008 1148 1640 1815 1889 1893 1930 1248 1798 1291 1492 1588 1735 1879 1053 1828 1527 1945 1207 1362 1304 1729 1206 1708 1953 1338 1131 1933 1852 1425 1485 1967 1230 1178 1669 1534 1796 1207 1240 1005 1915 1637 1269 1914 1380 1025 1592 1877 1904 1259 BCNSPRNW ULIB Ver.6.0+V

เปลี่ยนเป็นภาษาไทย

Change to English
 แสดงรายละเอียดบรรณานุกรม
  กลับหน้าหลัก

Brief Record : Get Marc (ISO 2709) : E-mail record : QR code < ปิดหน้าต่าง
LEADER : 00000nam 2200000uu 4500
001    13399126833
003     ULIB
008    020711s2016 th a 000 0 tha d
060    วพ.^aWY160.5^bU84D
100    ^aUSANUM INTAMAS.
245    ^aDEVELOPMENT OF A CARE MODEL FOR PATIENTS WITH STROKE IN THE COMMUNITY
260    ^aกรุงเทพฯ :^bMAHIDAL UNIVERSITY,^c2016
650    ^aSTROKE
650    ^aNURSING
945    ^p0^l0^i005493
999    ^aอังศุธร กาญจนาโรจน์พันธ์
รายการนี้ยังไม่มีแท็ก
คุณยังไม่ได้ล็อกอิน คุณสามารถมีกิจกรรมร่วมกับเว็บไซต์ได้ แต่ต้องล็อกอินก่อน ::
  ล็อกอิน

รายการสื่อสารสนเทศ

ลำดับที่ ประเภท เลขเรียก/บาร์โค้ด สถานที่ สถานะ
1. Book การพยาบาล
Book การพยาบาล
วพ. WY160.5 U84D ฉ.1 
  Barcode: 005493
ห้องสมุดวิทยาเขตสวรรค์ประชารักษ์
►หนังสือทั่วไป
บนชั้น

รายการใกล้เคียง
    หัวเรื่อง [STROKE]
    หัวเรื่อง [NURSING]

BibComment


ยังไม่เคยถูกคอมเมนท์

คอมเมนท์ทรัพยากรรายการนี้
  คอมเมนท์: DEVELOPMENT OF A..


 Copyright 2026. Bcnsprnw @Library